| 000 | 00972nam a2200265Ia 4500 | ||
|---|---|---|---|
| 001 | 18287 | ||
| 003 | GE_BSU | ||
| 008 | 181216s||||||||xx |||||||||||||| ||und|| | ||
| 020 | _a978-99940-875-2-5 | ||
| 040 | _cGE_BSU | ||
| 080 | _a33(038) + 338.22(038) | ||
| 100 | _aასათიანი, როზეტა | ||
| 245 | _aეკონომიკისა და ბიზნესის ლექსიკონი | ||
| 245 | _cსარედ. კოლ.: ვლადიმერ პაპავა და სხვ. | ||
| 260 | _aთბილისი | ||
| 260 | _bსიახლე | ||
| 260 | _c2010 | ||
| 300 | _a480გვ. ; 20სმ. | ||
| 300 | _eანბ.-თემატ.საძიებელი: გვ.431-465 | ||
| 541 | _h28ლ. | ||
| 653 | _aბიზნესი | ||
| 653 | _aეკონომიკა | ||
| 653 | _aეკონომიკისა და ბიზნესის ლექსიკონი | ||
| 942 | _cBK | ||
| 999 |
_c51318 _d51318 |
||